[Event "38th Nezhmetdinov Mem"]
[Site "Kazan RUS"]
[Date "2016.06.02"]
[Round "3.46"]
[White "Alekseeva, Irina"]
[Black "Shipitsyna, Guzyal"]
[Result "1-0"]
[WhiteElo "2177"]
[BlackElo "1478"]
[WhiteFideId "24178683"]
[BlackFideId "24141348"]
[EventDate "2016.05.31"]

1. e4 c5 2. Nf3 e6 3. d4 cxd4 4. Nxd4 a6 5. c4 Nc6 6. Nc3 Bb4 7. Qd3 Nge7 8. Bd2
Qb6 9. Nb3 Ne5 10. Qg3 N5g6 11. Bd3 O-O 12. O-O Bd6 13. Qh3 Bf4 14. Bxf4 Nxf4
15. Qf3 Qc7 16. g3 Nxd3 17. Qxd3 b6 18. Rfd1 f5 19. Qd6 Qd8 20. c5 b5 21. Nd4
Qe8 22. f3 Qf7 23. Rf1 b4 24. Na4 Ra7 25. Nb6 Ng6 26. exf5 exf5 27. Rae1 f4 28.
g4 Qxa2 29. b3 Bb7 30. Re2 Qa5 31. Nxd7 Rd8 32. Rfe1 Raa8 33. c6 Nf8 34. cxb7
Rxd7 35. Qxd7 1-0

[Event "38th Nezhmetdinov Mem"]
[Site "Kazan RUS"]
[Date "2016.06.02"]
[Round "3.47"]
[White "Tunik, Gennady"]
[Black "Zharkov, Nikolay"]
[Result "1-0"]
[WhiteTitle "GM"]
[WhiteElo "2404"]
[BlackElo "1629"]
[WhiteFideId "4101219"]
[BlackFideId "54193648"]
[EventDate "2016.05.31"]

1. d4 Nf6 2. c4 g6 3. Nc3 Bg7 4. e4 O-O 5. Nf3 d6 6. Be2 e5 7. Be3 Ng4 8. Bg5 f6
9. Bh4 g5 10. Bg3 Nh6 11. dxe5 fxe5 12. h3 Nc6 13. Qd2 Nf7 14. Nh2 Be6 15. Nd5
Nd4 16. Bg4 c6 17. Ne3 Qd7 18. O-O Bxg4 19. hxg4 Nh6 20. f3 Ne6 21. Rad1 Rad8
22. Rf2 Nf4 23. Nhf1 Qe6 24. Bh2 Rf7 25. Qc2 Rfd7 26. Rfd2 Nf7 27. Qb3 a6 28.
Qb6 Qg6 29. Ng3 h5 30. gxh5 Nxh5 31. Ngf5 Nh6 32. Qxd8+ Rxd8 33. Ne7+ Kf7 34.
Nxg6 Kxg6 35. Rxd6+ 1-0

[Event "38th Nezhmetdinov Mem"]
[Site "Kazan RUS"]
[Date "2016.06.02"]
[Round "3.48"]
[White "Filipenko, Alexander V"]
[Black "Gismatullin, Sayar"]
[Result "1-0"]
[WhiteTitle "IM"]
[WhiteElo "2278"]
[BlackElo "1875"]
[WhiteFideId "4104471"]
[BlackFideId "34110930"]
[EventDate "2016.05.31"]

1. e4 c5 2. Nf3 e6 3. d4 cxd4 4. Nxd4 a6 5. c4 d6 6. Nc3 Nf6 7. Be2 Be7 8. O-O
O-O 9. Be3 Qc7 10. f4 Nc6 11. Rc1 Rd8 12. Nd5 exd5 13. cxd5 Nxe4 14. Bf3 Nc5 15.
dxc6 b6 16. b4 Ne6 17. Bd5 Bf6 18. f5 Nxd4 19. Bxd4 Bxd4+ 20. Qxd4 Re8 21. f6
Be6 22. Bxe6 Rxe6 23. Qg4 g6 24. Qf4 Qd8 25. c7 Qf8 26. Rc6 Rc8 27. h4 Qe8 28.
Rxd6 Rxd6 29. Qxd6 Qe3+ 30. Kh1 Re8 31. Qd8 Qe4 32. c8=Q Qxh4+ 33. Kg1 1-0

[Event "38th Nezhmetdinov Mem"]
[Site "Kazan RUS"]
[Date "2016.06.02"]
[Round "3.49"]
[White "Galiev, Irek"]
[Black "Voinikonis, Nikita"]
[Result "1-0"]
[WhiteElo "1859"]
[BlackElo "2168"]
[WhiteFideId "34147150"]
[BlackFideId "34187500"]
[EventDate "2016.05.31"]

1. d4 d5 2. Nf3 Nf6 3. c4 e6 4. Nc3 Be7 5. Bf4 O-O 6. e3 b6 7. cxd5 Nxd5 8. Nxd5
exd5 9. Bd3 Be6 10. Qc2 h6 11. Bxc7 Bb4+ 12. Nd2 Bxd2+ 13. Kxd2 Qe7 14. Bf4 Rc8
15. Qa4 Bd7 16. Qb3 Nc6 17. Qa3 Nb4 18. Rac1 a5 19. h3 Qf6 20. Bb1 Bf5 21. Bxf5
Qxf5 22. Qb3 Rc4 23. Rxc4 dxc4 24. Qc3 Qd5 25. a3 Na2 26. Qc2 Rc8 27. Ke2 c3 28.
b3 a4 29. bxa4 Qc4+ 30. Kf3 b5 31. axb5 Ra8 32. b6 Nb4 33. axb4 Ra2 34. Qd1 Rd2
35. Qf1 Qc6+ 36. Kg3 c2 37. Qa6 g5 38. Be5 Rd1 39. b7 Qxa6 40. b8=Q+ Kh7 41.
Qh8+ Kg6 42. Qg7+ Kf5 43. Qxf7+ Ke4 44. Qf3+ 1-0

[Event "38th Nezhmetdinov Mem"]
[Site "Kazan RUS"]
[Date "2016.06.02"]
[Round "3.50"]
[White "Tishova, Svetlana"]
[Black "Gilyazitdinov, Nikita"]
[Result "1-0"]
[WhiteElo "1946"]
[BlackElo "2065"]
[WhiteFideId "24173550"]
[BlackFideId "4184106"]
[EventDate "2016.05.31"]

1. e4 d5 2. exd5 Qxd5 3. Nc3 Qd6 4. d4 Nf6 5. Nf3 c6 6. g3 Bg4 7. Bg2 e6 8. O-O
Be7 9. a3 O-O 10. h3 Bh5 11. Bf4 Qd8 12. g4 Bg6 13. Ne5 Nd5 14. Nxd5 cxd5 15. c4
Nc6 16. cxd5 exd5 17. Re1 Bf6 18. Rc1 Rc8 19. Qa4 Bxe5 20. dxe5 Qb6 21. b4 Rcd8
22. b5 Qd4 23. Qxd4 Nxd4 24. Rc3 Ne6 25. Bd2 d4 26. Rcc1 Bd3 27. a4 Rd7 28. f4
g6 29. Kf2 b6 30. Bb4 Rfd8 31. Bc6 Rc7 32. Kf3 g5 33. f5 Nf4 34. Bd6 Rcc8 35.
Be7 Be2+ 36. Rxe2 Nxe2 37. Kxe2 Rd5 38. Bf6 d3+ 39. Ke3 d2 40. Rd1 Rc5 41. Rxd2
Rc3+ 42. Rd3 Rc4 43. Rd4 Rc3+ 44. Ke4 Rxh3 45. Bxg5 Rh1 46. Kd5 h6 47. Bf6 Rc1
48. Kd6 Kh7 49. Ke7 Rc7+ 50. Kd8 1-0

[Event "38th Nezhmetdinov Mem"]
[Site "Kazan RUS"]
[Date "2016.06.02"]
[Round "3.51"]
[White "Ioffe, Dmitry"]
[Black "Pogorelskikh, Sofia"]
[Result "1-0"]
[WhiteElo "2058"]
[BlackElo "1744"]
[WhiteFideId "4185617"]
[BlackFideId "44164548"]
[EventDate "2016.05.31"]

1. d4 Nf6 2. Nf3 g6 3. Nc3 d5 4. Bf4 Bg7 5. e3 O-O 6. Be2 b6 7. Ne5 Bb7 8. h4
Nbd7 9. h5 Nxe5 10. Bxe5 c5 11. hxg6 hxg6 12. Qd2 Nd7 13. Bxg7 Kxg7 14. dxc5
Nxc5 15. O-O-O Rh8 16. Qd4+ f6 17. Qg4 Qc8 18. Qg3 Qe6 19. Kb1 Rad8 20. a3 Qe5
21. Qxe5 fxe5 22. Rxh8 Kxh8 23. Bf3 e6 24. Bg4 Bc8 25. b4 Nb7 26. Nb5 Nd6 27.
Nxd6 Rxd6 28. Rd3 Rc6 29. Kb2 Ba6 30. Rc3 Bc4 31. Be2 b5 32. Bxc4 dxc4 33. a4 a6
34. axb5 axb5 35. Ra3 Kg7 36. Ra7+ Kf6 37. Rb7 Rd6 38. Kc3 Rd5 39. e4 Rd4 40. f3
Rd1 41. Rxb5 Rg1 42. Rc5 Rxg2 43. b5 Rg1 44. Rxc4 Rf1 45. b6 Rxf3+ 46. Kb2 Ke7
47. b7 Rf8 48. Rc8 1-0

[Event "38th Nezhmetdinov Mem"]
[Site "Kazan RUS"]
[Date "2016.06.02"]
[Round "3.52"]
[White "Spiridonova, Yana"]
[Black "Mischeryakov, Alexey"]
[Result "1-0"]
[WhiteElo "1824"]
[BlackElo "1976"]
[WhiteFideId "24174262"]
[BlackFideId "34156434"]
[EventDate "2016.05.31"]

1. d4 d5 2. c4 c6 3. Nc3 e6 4. Nf3 dxc4 5. e4 b5 6. a4 Bb4 7. Bd2 a5 8. axb5
Bxc3 9. Bxc3 cxb5 10. b3 Nf6 11. Qb1 Bb7 12. bxc4 b4 13. Bd3 Qc7 14. Bd2 Nbd7
15. O-O e5 16. Re1 O-O 17. Bg5 h6 18. Bxf6 gxf6 19. Qc1 Kh7 20. Nh4 Rg8 21. Nf5
Rg6 22. Re3 Rh8 23. Rh3 Kg8 24. Ne7+ Kg7 25. c5 Bc8 26. Nf5+ Kf8 27. c6 Nb8 28.
Qc5+ Kg8 29. d5 Bxf5 30. exf5 Rg4 31. Rxa5 e4 32. Be2 Rg5 33. Ra7 Qf4 34. c7 1-0

[Event "38th Nezhmetdinov Mem"]
[Site "Kazan RUS"]
[Date "2016.06.02"]
[Round "3.53"]
[White "Glukhov, Alexander"]
[Black "Khafizov, Emir"]
[Result "1-0"]
[WhiteElo "2286"]
[BlackElo "1684"]
[WhiteFideId "4178882"]
[BlackFideId "34150355"]
[EventDate "2016.05.31"]

1. d4 d5 2. Nf3 c6 3. Nc3 Nf6 4. Qd3 e6 5. Bf4 Bd6 6. Bxd6 Qxd6 7. O-O-O Nbd7 8.
e4 dxe4 9. Nxe4 Nxe4 10. Qxe4 Nf6 11. Qh4 Qd5 12. Kb1 b5 13. Ne5 Nd7 14. Be2 Bb7
15. Bf3 Qd6 16. Qg3 g6 17. Nxc6 Qxg3 18. hxg3 a6 19. Rhe1 Bxc6 20. Bxc6 O-O-O
21. a4 bxa4 22. Bxa4 Nb6 23. Bb3 h5 24. Re4 Rd7 25. c3 Rhd8 26. Kc2 Kc7 27. Ra1
Kb7 28. Re5 Nd5 29. Bc4 Rd6 30. b4 Rc8 31. Bxd5+ Rxd5 32. Rxd5 exd5 33. Re1 Rc7
34. Kd3 Kb6 35. f4 a5 36. bxa5+ Kxa5 37. Re5 Rd7 38. c4 Kb6 39. Rxd5 Rxd5 40.
cxd5 Kc7 41. Ke4 Kd6 42. Ke3 Kxd5 43. Kd3 f5 44. Kc3 Ke4 45. Kc4 Ke3 46. d5 Kf2
47. d6 Kxg2 48. d7 Kxg3 49. d8=Q Kxf4 50. Qh4+ 1-0

[Event "38th Nezhmetdinov Mem"]
[Site "Kazan RUS"]
[Date "2016.06.02"]
[Round "3.54"]
[White "Danilova, Rada"]
[Black "Galaktionov, Artem"]
[Result "0-1"]
[WhiteElo "1808"]
[BlackElo "2181"]
[WhiteFideId "34156760"]
[BlackFideId "24175471"]
[EventDate "2016.05.31"]

1. d4 d5 2. Nf3 Nf6 3. c4 e6 4. g3 Bb4+ 5. Bd2 Be7 6. cxd5 exd5 7. Nc3 O-O 8.
Bg2 Ne4 9. Qb3 Nxd2 10. Nxd2 c6 11. O-O Bf6 12. Nf3 Qe7 13. Rfe1 Bf5 14. Rad1
Na6 15. Ne5 Qb4 16. Qxb4 Nxb4 17. e4 dxe4 18. Bxe4 Bxe4 19. Rxe4 Rfd8 20. Ng4
Bg5 21. h4 f5 22. Re5 Bxh4 23. Rxf5 Be7 24. Re1 Bf8 25. Re4 Nd3 26. d5 Nxb2 27.
dxc6 bxc6 28. Ne5 Rac8 29. Re2 Nd3 30. Nf7 Rd4 31. Ng5 Rc4 32. Nce4 Nc1 33. Re3
Ra4 34. Nc3 Ra3 35. Kg2 Bb4 36. Rff3 Nxa2 37. Nxa2 Rxa2 38. Re4 a5 39. Rfe3 Rf8
40. Nh3 Bc5 41. Re2 Rxe2 42. Rxe2 Bb4 43. Nf4 a4 44. Nd3 Bd6 45. Nb2 a3 46. Nc4
Bb4 47. Ra2 Bc5 48. f4 Rb8 0-1

[Event "38th Nezhmetdinov Mem"]
[Site "Kazan RUS"]
[Date "2016.06.02"]
[Round "3.55"]
[White "Khazieva, Elza"]
[Black "Shkalikova, Marina"]
[Result "1-0"]
[WhiteTitle "WFM"]
[WhiteElo "2147"]
[BlackElo "1823"]
[WhiteFideId "4100166"]
[BlackFideId "34111333"]
[EventDate "2016.05.31"]

1. e4 c6 2. d4 d5 3. e5 c5 4. dxc5 Nc6 5. Nf3 Bg4 6. Bb5 Qa5+ 7. Nc3 e6 8. h3
Bh5 9. Be3 Ne7 10. g4 Bg6 11. Nd4 O-O-O 12. Bxc6 Nxc6 13. Nxc6 bxc6 14. Qd4 f6
15. O-O-O fxe5 16. Qxe5 Re8 17. Bf4 Kb7 18. b4 Qxb4 19. Qc7+ Ka8 20. Qxc6+ Qb7
21. Qxb7+ Kxb7 22. Na4 Kc6 23. Rhe1 Bxc5 24. Nxc5 Kxc5 25. Be5 Re7 26. Re3 a6
27. Rb3 Kc6 28. Kd2 Rb7 29. Rxb7 Kxb7 30. Bxg7 Rc8 31. Rb1+ Kc6 32. Bd4 Kd6 33.
Rb6+ Rc6 34. Be5+ Kc5 35. Bd4+ Kd6 36. Be5+ Kc5 37. Rb8 d4 38. f4 Kc4 39. a3 a5
40. h4 Be4 41. Rd8 Kb5 42. a4+ Ka6 43. Rxd4 Bxc2 44. h5 Kb6 45. Bf6 Bb1 46. Bd8+
Ka6 47. Be7 Kb6 48. Rd8 Rc2+ 49. Kd1 Rc7 50. Rb8+ Rb7 51. Bd8+ Kc6 52. Rxb7 Kxb7
53. Bxa5 Kc6 54. Bc3 Kd5 55. Ke2 Ke4 56. Be5 Bd3+ 57. Kf2 Bc4 58. a5 Bb5 59. Kg3
Bd3 60. Kh4 Kd5 1-0

[Event "38th Nezhmetdinov Mem"]
[Site "Kazan RUS"]
[Date "2016.06.02"]
[Round "3.56"]
[White "Murtazin, Ruslan"]
[Black "Kovaleva, Ekaterina"]
[Result "1-0"]
[WhiteElo "2050"]
[BlackElo "1786"]
[WhiteFideId "24175960"]
[BlackFideId "34128252"]
[EventDate "2016.05.31"]

1. e4 e5 2. Nf3 Nc6 3. Nc3 Nf6 4. d4 exd4 5. Nxd4 Bb4 6. Nxc6 bxc6 7. Bd3 O-O 8.
O-O d5 9. exd5 cxd5 10. h3 h6 11. Qf3 Bb7 12. Ne2 Rb8 13. Nd4 Re8 14. Nf5 Bf8
15. Bf4 Kh8 16. Nd4 Bd6 17. Rfe1 Ne4 18. Bb5 Rf8 19. Bc6 Qf6 20. Bxd6 Qxd6 21.
Bxb7 Rxb7 22. b3 Rb6 23. a4 Qc5 24. Qe3 Rg6 25. f3 Ng5 26. Kh1 Ne6 27. Nxe6 Qxe3
28. Rxe3 Rxe6 29. Rxe6 fxe6 30. Re1 Re8 31. f4 Kg8 32. Kh2 c5 33. Kg3 Kf7 34.
Kf3 Kf6 35. Rd1 Rd8 36. Rd3 e5 37. fxe5+ Kxe5 38. Re3+ Kd6 39. Kg4 Rf8 40. Re2
g6 41. h4 Rf5 42. Kg3 Re5 43. Rf2 Re3+ 44. Kg4 Ke7 45. g3 Re4+ 46. Kh3 h5 47.
Kg2 Re3 48. Rd2 Ke6 49. Kf2 Re5 50. Rd3 Rf5+ 51. Ke2 Re5+ 52. Kd2 Kf5 53. Rc3 d4
54. Rd3 Kg4 55. c3 Re4 56. cxd4 Rxd4 57. Rxd4+ cxd4 58. b4 Kf5 59. Kd3 Ke5 60.
b5 Kd5 1-0

[Event "38th Nezhmetdinov Mem"]
[Site "Kazan RUS"]
[Date "2016.06.02"]
[Round "3.57"]
[White "Shkuro, Alexandr"]
[Black "Gavrilin, Roman"]
[Result "1-0"]
[WhiteElo "1992"]
[BlackElo "1753"]
[WhiteFideId "4174160"]
[BlackFideId "54104564"]
[EventDate "2016.05.31"]

1. d4 d5 2. c4 e6 3. Nf3 Nf6 4. Bg5 Be7 5. e3 O-O 6. Bd3 h6 7. Bh4 c6 8. O-O
Nbd7 9. Nc3 Qc7 10. Rc1 Re8 11. Bg3 Qd8 12. h3 dxc4 13. Bxc4 Nb6 14. Be2 Nbd5
15. Qb3 Nxc3 16. bxc3 Ne4 17. Bh2 Bd6 18. Bxd6 Qxd6 19. Qc2 Nf6 20. Ne5 Nd7 21.
f4 Qc7 22. Bh5 Nxe5 23. fxe5 Re7 24. Rf4 Bd7 25. Rcf1 Rf8 26. Qf2 Be8 27. Qg3 c5
28. Rf6 Kh8 29. Rxh6+ Kg8 30. Rhf6 Bb5 31. R1f4 Kh8 32. Qh4 1-0

[Event "38th Nezhmetdinov Mem"]
[Site "Kazan RUS"]
[Date "2016.06.02"]
[Round "3.58"]
[White "Shevtsov, Mikhail"]
[Black "Novikov, Roman"]
[Result "0-1"]
[WhiteElo "1728"]
[BlackElo "1981"]
[WhiteFideId "54106931"]
[BlackFideId "24198498"]
[EventDate "2016.05.31"]

1. d4 Nf6 2. Nf3 e6 3. Bg5 d5 4. c4 c5 5. cxd5 exd5 6. Nc3 Be6 7. e3 Nc6 8. Be2
Qb6 9. O-O Be7 10. Na4 Qa5 11. Nxc5 Bxc5 12. dxc5 Ne4 13. a3 Qxc5 14. Bf4 O-O
15. Nd4 Qb6 16. f3 Nc5 17. b4 Nxd4 18. exd4 Nd7 19. Kh1 Rac8 20. Qd2 Qd8 21.
Rfc1 Nb6 22. Rc5 Nc4 23. Bxc4 dxc4 24. Rd1 b6 25. Rxc8 Qxc8 26. Qc3 Qd7 27. Re1
Rd8 28. Rd1 Qa4 29. Re1 Qb3 30. Bd2 h6 31. Qxb3 cxb3 32. Bc3 Rc8 33. Re3 Rxc3 0-1

[Event "38th Nezhmetdinov Mem"]
[Site "Kazan RUS"]
[Date "2016.06.02"]
[Round "3.59"]
[White "Matskevich, Ivan"]
[Black "Taipov, Ilmir"]
[Result "1-0"]
[WhiteElo "1976"]
[BlackElo "1673"]
[WhiteFideId "34191930"]
[BlackFideId "34182893"]
[EventDate "2016.05.31"]

1. e4 e5 2. Nf3 Nc6 3. Bc4 Be7 4. c3 Nf6 5. d3 O-O 6. Bb3 d5 7. Qe2 dxe4 8. dxe4
Bd6 9. h3 h6 10. Bc2 b6 11. O-O Bb7 12. Rd1 Qe7 13. Nh4 Bc8 14. Nf5 Bxf5 15.
exf5 Nh7 16. Nd2 f6 17. Qc4+ Qf7 18. Qxc6 Qh5 19. Qf3 Qe8 20. Ne4 Rd8 21. Nxd6
cxd6 22. Be3 Kh8 23. Rd5 Qe7 24. Rad1 Qc7 25. Qg4 Rf7 26. Qb4 Rfd7 27. Ba4 Rf7
28. Rxd6 Rxd6 29. Qxd6 Qb7 30. Bb3 Rf8 31. Qd7 Qa6 32. Qe7 1-0

[Event "38th Nezhmetdinov Mem"]
[Site "Kazan RUS"]
[Date "2016.06.02"]
[Round "3.60"]
[White "Bogatov, Bogdan"]
[Black "Mirzaeva, Gulnara"]
[Result "0-1"]
[WhiteElo "1680"]
[BlackElo "1973"]
[WhiteFideId "34110612"]
[BlackFideId "24178780"]
[EventDate "2016.05.31"]

1. d4 d5 2. Bf4 e6 3. e3 Nf6 4. Nf3 Bd6 5. Bg3 O-O 6. Nbd2 b6 7. c3 Bb7 8. Bd3
Nc6 9. O-O Ne7 10. Re1 Ne4 11. Bxe4 dxe4 12. Ng5 Bxg3 13. fxg3 Qd5 14. Qg4 h6
15. Nh3 g5 16. Nf2 f5 17. Qh5 Kh7 18. g4 Ng8 19. Qh3 Rae8 20. a3 a5 21. Rad1 a4
22. c4 Qd7 23. Nb1 b5 24. cxb5 Qxb5 25. Rd2 Ba6 26. Nc3 Qc4 27. gxf5 exf5 28. g4
f4 29. exf4 e3 30. Rde2 exf2+ 31. Kxf2 Qxd4+ 32. Kg2 Rxe2+ 33. Nxe2 Bb7+ 34. Kf1
Qc4 35. f5 Nf6 36. Qg3 Re8 37. h4 Ne4 38. Qe3 Nf6 39. Qg3 gxh4 40. Qxh4 Nxg4 41.
Qh5 Qe4 0-1

[Event "38th Nezhmetdinov Mem"]
[Site "Kazan RUS"]
[Date "2016.06.02"]
[Round "3.61"]
[White "Grekhov, Luka"]
[Black "Ashrafzianov, Igor"]
[Result "0-1"]
[WhiteElo "1639"]
[BlackElo "1962"]
[WhiteFideId "44129637"]
[BlackFideId "24122572"]
[EventDate "2016.05.31"]

1. d4 d5 2. c4 e6 3. Nc3 c6 4. Nf3 dxc4 5. e3 b5 6. a4 Bb4 7. axb5 cxb5 8. Bd2
Bxc3 9. Bxc3 a5 10. b3 Bb7 11. bxc4 b4 12. Bd2 Nf6 13. Bd3 O-O 14. O-O Nbd7 15.
Bc2 Qc7 16. Bb3 Rfc8 17. c5 Ne4 18. Qc2 Qc6 19. Ba4 Qd5 20. Qb3 Ndf6 21. Qxd5
Nxd5 22. Rfc1 Kf8 23. Kf1 Ke7 24. Ke1 f6 25. Bc2 Ndc3 26. Bxe4 Nxe4 27. c6 Rxc6
28. Ke2 Kd7 0-1

[Event "38th Nezhmetdinov Mem"]
[Site "Kazan RUS"]
[Date "2016.06.02"]
[Round "3.62"]
[White "Shaidullin, Askar"]
[Black "Safin, Robert"]
[Result "1/2-1/2"]
[WhiteElo "1934"]
[BlackElo "1581"]
[WhiteFideId "34159662"]
[BlackFideId "34189120"]
[EventDate "2016.05.31"]

1. d4 Nf6 2. Nf3 g6 3. g3 Bg7 4. Bg2 d6 5. O-O O-O 6. c4 c5 7. dxc5 dxc5 8. Nc3
Nc6 9. Be3 Qa5 10. Qa4 Qb4 11. Qb5 Be6 12. Bxc5 Qxc4 13. Qxc4 Bxc4 14. Nd2 Be6
15. Bxc6 bxc6 16. Bxe7 Rfe8 17. Bxf6 Bxf6 18. Nde4 Bg7 19. Rfc1 Bd5 20. f3 Bxe4
21. fxe4 Bxc3 22. Rxc3 Rxe4 23. Kf2 Rae8 24. e3 R4e6 25. Rd1 Rb8 26. b3 a5 27.
Rd4 Kf8 28. Rc5 Rb5 29. Rd8+ Ke7 30. Rxb5 cxb5 31. Ra8 a4 32. bxa4 bxa4 33. Rxa4
Rb6 34. Kf3 Rb2 35. h4 f5 36. Ra7+ Kf6 37. a3 Rb3 38. a4 Ra3 39. Kf4 h6 40. Ra6+
Kf7 41. a5 Kg7 42. Ra8 Kf6 43. Kf3 Ra2 44. g4 fxg4+ 45. Kxg4 g5 46. hxg5+ hxg5
47. a6 Ra4+ 48. Kg3 Kg6 49. a7 Kg7 50. e4 g4 51. e5 Ra3+ 52. Kxg4 Kf7 53. Rh8
Ra4+ 54. Kf3 Ra3+ 55. Ke4 Rxa7 56. Rh7+ Ke6 57. Rh6+ Ke7 58. Kf5 Ra1 59. Rh7+
Kf8 60. Kf6 Rf1+ 61. Ke6 Re1 62. Rd7 Ke8 63. Rb7 Kf8 64. Rb5 Re2 65. Rd5 Ra2 66.
Rd8+ Kg7 67. Ke7 Re2 68. e6 Re3 69. Rd7 Ra3 70. Ke8+ Kf6 71. e7 Ra8+ 72. Rd8 Ra7
73. Rd6+ Kg7 74. Kd8 Ra8+ 75. Kd7 Kf7 76. Rh6 Ra7+ 77. Kd8 Ra8+ 78. Kd7 Ra7+ 1/2-1/2

[Event "38th Nezhmetdinov Mem"]
[Site "Kazan RUS"]
[Date "2016.06.02"]
[Round "3.63"]
[White "Shafigullina, Zarina"]
[Black "Lenkova, Lidiya"]
[Result "1-0"]
[WhiteElo "1901"]
[BlackElo "1518"]
[WhiteFideId "24174220"]
[BlackFideId "54102740"]
[EventDate "2016.05.31"]

1. d4 f5 2. g3 Nf6 3. Bg2 e6 4. Nf3 Be7 5. O-O O-O 6. c4 d6 7. Nc3 h6 8. Qc2 Qe8
9. b3 a6 10. Bb2 Nc6 11. d5 Nd8 12. Nd4 exd5 13. cxd5 Qg6 14. e4 fxe4 15. Nxe4
Ne8 16. Rae1 Qf7 17. Re3 Bf6 18. Rfe1 Bxd4 19. Bxd4 Bf5 20. Qb2 c5 21. Bc3 b5
22. Qe2 b4 23. Ba1 Nb7 24. Nd2 Qg6 25. Nf3 Nf6 26. Nh4 Qh7 27. Re7 Na5 28. Bf3
Rf7 29. Rxf7 Kxf7 30. Qe7+ Kg8 31. Bxf6 gxf6 32. Qxd6 Bb1 33. Qxf6 Bxa2 34. Ng6
Nxb3 35. Ne7+ 1-0

[Event "38th Nezhmetdinov Mem"]
[Site "Kazan RUS"]
[Date "2016.06.02"]
[Round "3.64"]
[White "Talipov, Vitaly"]
[Black "Asafiev, Ignat"]
[Result "1-0"]
[WhiteElo "1616"]
[BlackElo "1880"]
[WhiteFideId "54123798"]
[BlackFideId "34142573"]
[EventDate "2016.05.31"]

1. e4 c5 2. Nf3 d6 3. d4 cxd4 4. Nxd4 Nf6 5. Nc3 g6 6. Be3 Bg7 7. f3 Nc6 8. Qd2
Bd7 9. O-O-O a6 10. g4 b5 11. h4 b4 12. Nd5 a5 13. Nxc6 Bxc6 14. Bb6 Qc8 15.
Nc7+ Kf8 16. Nxa8 Qxa8 17. h5 a4 18. h6 b3 19. hxg7+ Kxg7 20. Qh6+ Kg8 21. a3
bxc2 22. Rd2 Bb7 23. Bd4 e5 24. Bc3 1-0

[Event "38th Nezhmetdinov Mem"]
[Site "Kazan RUS"]
[Date "2016.06.02"]
[Round "3.65"]
[White "Dolgaeva, Evgenia"]
[Black "Kamalutdinov, Rahim"]
[Result "1-0"]
[WhiteElo "1879"]
[BlackElo "1368"]
[WhiteFideId "24174564"]
[BlackFideId "24180769"]
[EventDate "2016.05.31"]

1. e4 c6 2. Nf3 e6 3. d3 d5 4. Nbd2 Qb6 5. g3 Bc5 6. Qe2 Nf6 7. Bg2 dxe4 8. Nxe4
Nxe4 9. dxe4 O-O 10. O-O f5 11. exf5 exf5 12. Qc4+ Kh8 13. Ne5 Bd7 14. Nf7+ Rxf7
15. Qxf7 Qd8 16. Rd1 Qg8 17. Qxg8+ Kxg8 18. Bf4 Be6 19. Rd8+ Kf7 20. Rxb8 Rxb8
21. Bxb8 1-0

[Event "38th Nezhmetdinov Mem"]
[Site "Kazan RUS"]
[Date "2016.06.03"]
[Round "4.1"]
[White "Kokarev, Dmitry"]
[Black "Yudin, Sergei"]
[Result "1/2-1/2"]
[WhiteTitle "GM"]
[BlackTitle "GM"]
[WhiteElo "2622"]
[BlackElo "2530"]
[WhiteFideId "4132181"]
[BlackFideId "4159659"]
[EventDate "2016.05.31"]

1. e4 c5 2. Nf3 e6 3. d4 cxd4 4. Nxd4 Nf6 5. Nc3 Nc6 6. Ndb5 d6 7. Bf4 e5 8. Bg5
a6 9. Na3 b5 10. Nd5 Be7 11. Bxf6 Bxf6 12. c4 b4 13. Nc2 Rb8 14. b3 O-O 15. g3
Be6 16. Bg2 Be7 17. O-O Qd7 18. Qd3 a5 19. Rad1 Bd8 20. f4 Bxd5 21. Qxd5 Qb7 22.
Kh1 Bb6 23. fxe5 dxe5 24. c5 Ba7 25. Bh3 Qc7 26. Qd6 Qxd6 27. cxd6 Rfd8 28. Rd5
f6 29. Rc1 Kf8 30. Ne1 Nd4 31. Nd3 Rb5 32. d7 Ke7 33. Rc8 h5 34. Rd6 Bb6 35.
Rxd8 Bxd8 36. Ra6 g6 37. Nb2 Rb6 38. Ra8 f5 39. Nc4 Re6 40. Ne3 Rc6 41. exf5
gxf5 42. Nxf5+ Nxf5 43. Bxf5 Rf6 44. Bh3 e4 45. Rc8 Rf2 46. Rc4 Re2 47. Bf5 e3
48. Re4+ Kd6 49. Re8 Kc7 50. Kg1 Rf2 51. Bg6 Kxd7 52. Rxe3 Rxa2 53. Rd3+ Ke7 54.
Bxh5 Bb6+ 55. Kh1 Ra1+ 56. Rd1 Ra3 57. Rb1 Bd4 58. Kg2 Ra2+ 59. Kh3 Bc3 60. Bf3
a4 61. bxa4 Rxa4 62. Bd5 Ra1 63. Rxa1 Bxa1 64. Kg4 Kf6 65. Kh5 Be5 66. Kg4 1/2-1/2

[Event "38th Nezhmetdinov Mem"]
[Site "Kazan RUS"]
[Date "2016.06.03"]
[Round "4.2"]
[White "Iljiushenok, Ilia"]
[Black "Ponkratov, Pavel"]
[Result "1-0"]
[WhiteTitle "IM"]
[BlackTitle "GM"]
[WhiteElo "2499"]
[BlackElo "2595"]
[WhiteFideId "24105074"]
[BlackFideId "4157800"]
[EventDate "2016.05.31"]

1. e4 e5 2. Nf3 Nc6 3. d4 exd4 4. Nxd4 Bc5 5. Nxc6 Qf6 6. Qf3 Qxf3 7. gxf3 bxc6
8. Rg1 Ne7 9. Be3 Bxe3 10. fxe3 Rb8 11. Bc4 O-O 12. Nc3 Rb4 13. Bb3 d6 14. O-O-O
g6 15. h4 Kg7 16. h5 Ng8 17. a3 Rb8 18. Rg5 Re8 19. Rdg1 Nf6 20. hxg6 fxg6 21.
Ne2 Bd7 22. Nf4 Rb5 23. Rxg6+ hxg6 24. Rxg6+ Kf8 25. Rxf6+ Ke7 26. Rh6 Kd8 27.
Bf7 Rf8 28. Rh7 Rg5 29. Be6 Bc8 30. Bxc8 Rg1+ 31. Kd2 Kxc8 32. Ne6 Rxf3 33.
Rxc7+ Kb8 34. Rxc6 Rf2+ 35. Kc3 Re1 36. Rxd6 Rxe3+ 37. Kd4 Rh3 38. Rd8+ Kb7 39.
Nc5+ Kb6 40. Rd6+ Kc7 41. Rd7+ Kb8 42. Rb7+ Ka8 43. c3 Rd2+ 44. Kc4 Rh5 45. Rb5
Re5 46. a4 Rd8 47. b4 Rd6 48. Rb7 Re8 49. Rf7 Rg6 50. e5 Rg3 51. e6 Rh3 52. a5
Rg3 53. Rd7 Re3 54. Kb5 Rxc3 55. e7 1-0

[Event "38th Nezhmetdinov Mem"]
[Site "Kazan RUS"]
[Date "2016.06.03"]
[Round "4.3"]
[White "Moskalenko, Alexander"]
[Black "Lintchevski, Daniil"]
[Result "1/2-1/2"]
[WhiteTitle "IM"]
[BlackTitle "GM"]
[WhiteElo "2464"]
[BlackElo "2566"]
[WhiteFideId "4155351"]
[BlackFideId "4171055"]
[EventDate "2016.05.31"]

1. e4 e6 2. d4 d5 3. Nd2 c5 4. exd5 Qxd5 5. Ngf3 cxd4 6. Bc4 Qd7 7. O-O Nc6 8.
Nb3 a6 9. Nbxd4 Nxd4 10. Nxd4 Nf6 11. Re1 Bc5 12. Be3 O-O 13. Bb3 b6 14. Nf3
Bxe3 15. Rxe3 Bb7 16. Qxd7 Nxd7 17. Ne5 Nxe5 18. Rxe5 Rfd8 19. Bc4 Rd6 20. Rae1
Rad8 21. f3 Kf8 22. Kf2 Rd2+ 23. R5e2 R2d6 24. Re5 Rd2+ 25. R5e2 R2d6 26. Re5
Rd2+ 27. R5e2 1/2-1/2